000 00780cab a2200241 4500
001 WB3008-46
008 090401t1994 xxu||||| |||| 00| 0 eng d
035 _a(Sirsi) u76271
041 _aeng
245 _aFaster inquiries for road building
260 _c1994
350 _a0
490 _aFinancial Times
_v23 February 1994, 11
490 _aDepartment of Transport Press Notice
_v(60) 22 February 1994 (4)
520 _aOutlines proposals for reducing the length of the planning process for new road schemes.
650 _aPLANNING PROCESS
650 _aPUBLIC INQUIRIES
650 _aROADBUILDING
650 _aPROPERTY-INFRASTRUCTURE-TRANSPORT INFRASTRUCTURE-ROAD INFRASTRUCTURE
690 _aTRANSPORT AND COMMUNICATIONS
942 _n0
948 _c04/03/1997
999 _c47992
_d47992